LEADER 00964cam0-22003131i-450- 001 990006475060403321 005 20120119095631.0 035 $a000647506 035 $aFED01000647506 035 $a(Aleph)000647506FED01 035 $a000647506 100 $a20010426d1975----km-y0itay50------ba 101 0 $afre 102 $aFR 105 $ay-------001yy 200 1 $aCollecte et traduction des littératures orales$eun exemple négro-africain$eles contes ngbaka-ma'bo de R.C.A$fJean Derive 210 $aParis$cCNRS$d1975 215 $a256 p.$d22 cm 225 1 $aLangues et civilisations à tradiction orale$v18 610 0 $aNgbaka-Ma'bo$aFolklore 676 $a896 700 1$aDerive,$bJean$f<1947- >$0243267 801 0$aIT$bUNINA$gREICAT$2UNIMARC 901 $aBK 912 $a990006475060403321 952 $aCOLLEZ. 774 (18)$b23793$fFSPBC 959 $aFSPBC 996 $aCollecte et traduction des littératures orales$9652639 997 $aUNINA LEADER 01948nam 2200541Ia 450 001 9910454158503321 005 20200520144314.0 010 $a981-4484-76-8 010 $a981-261-939-9 035 $a(CKB)1000000000578725 035 $a(EBL)433482 035 $a(OCoLC)609835255 035 $a(SSID)ssj0000828984 035 $a(PQKBManifestationID)11435901 035 $a(PQKBTitleCode)TC0000828984 035 $a(PQKBWorkID)10844371 035 $a(PQKB)11717792 035 $a(MiAaPQ)EBC433482 035 $a(PPN)170243087 035 $a(Au-PeEL)EBL433482 035 $a(CaPaEBR)ebr10515527 035 $a(EXLCZ)991000000000578725 100 $a20111102d2007 uy 0 101 0 $aeng 135 $aur|n|---||||| 181 $ctxt 182 $cc 183 $acr 200 10$aChinese strategists$b[electronic resource] $ebeyond Sun Zi's Art of war /$fconversations with Tang Taizong; translated by Ooi Kee Ben 210 $aSingapore $cMarshall Cavendish Editions$dc2007 215 $a1 online resource (160 p.) 300 $aDescription based upon print version of record. 311 $a981-261-371-4 327 $aCover; Title; Copyright; Contents; Introduction; Chapter 1: Planning for the State; Chapter 2: Judging the Enemy; Chapter 3: Controlling the Army; Chapter 4: Discussing the General; Chapter 5: Reacting to Changes; Chapter 6: Encouraging The Officers; Introduction; First Book; Second Book; Third Book; Translator's Notes; About the Translator 330 $aConversations with Tang Taizong 606 $aMilitary art and science$zChina 608 $aElectronic books. 615 0$aMilitary art and science 676 $a895.108 700 $aTaizong$b Tang$0984911 701 $aBen$b Ooi Kee$0984912 801 0$bMiAaPQ 801 1$bMiAaPQ 801 2$bMiAaPQ 906 $aBOOK 912 $a9910454158503321 996 $aChinese strategists$92250548 997 $aUNINA